Statistics for Swiss General Knowledge #1

Click here to take the quiz!

General Stats

  • This quiz has been taken 91 times
  • The average score is 13 of 20

Answer Stats

Clue Answer % Correct
Name the 4 official languagesGerman
100%
French
100%
Country to the westFrance
99%
The capitalBern
99%
Italian
97%
Position of the country in the World Warsneutral
96%
Romansh
86%
Dish of melted cheese served in a caquelonFondue
77%
Most successful Swiss soccer clubFC Basel
77%
Headquarters of the IOCLausanne
71%
Small principality to the eastLiechtenstein
64%
What are the SBB?National Railway Company
60%
Where does this take place, also the site of the WEFDavos
55%
Year they joined the UN2002
46%
Biggest lake entirely in SwitzerlandLake Neuch√Ętel
45%
Famous Geneva fountainJet d'Eau
38%
What ^ opened in 2016 (Hint: It's a world record)Gotthard Base Tunnel
36%
Ice hockey tournament held between Christmas and New Year's DaySpengler Cup
35%
Since when has it this position?1815
24%
Technically, it isn't a capital but a ....Bundesstadt
22%

Score Distribution

Percentile by Number Answered

Percent of People with Each Score

Your Score History

You have not taken this quiz